| 000 | 00895nam0a22002411i 4500 | ||
|---|---|---|---|
| 001 | rc\1156116 | ||
| 005 | 20240726014415.0 | ||
| 035 | _a(NLR Aleph) 006401088 | ||
| 090 |
_a5246743 _c5246743 |
||
| 100 | _a20041129d1980 u |0rusy50 ca | ||
| 101 | 0 | _arus | |
| 102 | _aRU | ||
| 105 | _ay ||||||||| | ||
| 200 | 1 |
_aСтиль деловых документов XIV века _e(Структура текста) _eАвтореф. дис. на соиск. учен. степ. д-ра филол. наук _e(10.02.02) |
|
| 210 |
_aКиев _d1980 |
||
| 215 | _a51 с. | ||
| 300 | _aВ надзаг.: АН УССР, Ин-т языковедения им. А.А. Потебни | ||
| 320 | _aБиблиогр.: с. 50-51 (9 назв.) | ||
| 700 | 1 |
_aПещак _bМ.М. _gМария Михайловна |
|
| 801 | 0 |
_aRU _bNLR _gpsbo |
|
| 801 | 1 |
_aRU _bELAR _2rusmarc |
|
| 852 |
_aNLR _j81-4/8872 |
||
| 942 | _cBOOK | ||